000
00306nam a22001457a 4500
008
230901b ||||| |||| 00| 0 eng d
020
_a
0881910112
041
_a
eng
080
_a
521
082
_a
521GRE
100
_a
19
101
_a
ASTRO
245
_a
FROZEN STAR
_c
GREENSTEIN .G
942
_2
udc
_c
BK
999
_c
60238
_d
60238